| 000 | 00614nam a2200241Ia 4500 | ||
|---|---|---|---|
| 003 | OSt | ||
| 005 | 20220918185705.0 | ||
| 006 | a|||||r|||| 00| 0 | ||
| 007 | ta | ||
| 008 | 220917b |||||||| |||| 00| 0 eng d | ||
| 024 | _a52,024 | ||
| 037 | _cTextual | ||
| 040 |
_aARTS _cARTS _beng |
||
| 041 |
_2eng _aeng |
||
| 082 | _aP111:J7:6, J5-;1 | ||
| 100 |
_aVallkins C H _969834 |
||
| 245 | 0 | _aBetter English | |
| 260 | _c1955 | ||
| 490 | _aLanguage library , ed by Eric Partridge | ||
| 650 | _aLINGUISTICS | ||
| 942 |
_hP111:J7:6, J5-;1 _cTEXL _2CC |
||
| 999 |
_c181615 _d181615 |
||